[Event "ODJM B 2024"]
[Site "Willingen GER"]
[Date "2024.05.21"]
[Round "4"]
[White "Türel, Tugce"]
[Black "Haidekker, Kilian"]
[Result "0-1"]
[Termination "normal"]
[Board "34"]
[WhiteElo "1582"]
[BlackElo "1690"]
[WhiteClock "00:01:52"]
[BlackClock "00:07:47"]
[PlyCount "94"]
[WhiteFideId "26350602"]
[BlackFideId "34621741"]
[EventCountry "GER"]
[EventRounds "9"]
[EventType "swiss"]
[EventDate "2024.05.18"]

1. e4 {[%clk 01:30:58]} {[%emt 00:00:01]} c5 {[%clk 01:30:53]} {[%emt
00:00:07]} 2. Nf3 {[%clk 01:31:13]} {[%emt 00:00:16]} Nc6 {[%clk 01:31:12]}
{[%emt 00:00:11]} 3. Bb5 {[%clk 01:30:59]} {[%emt 00:00:43]} Qc7 {[%clk
01:22:06]} {[%emt 00:09:36]} 4. Bxc6 {[%clk 01:29:16]} {[%emt 00:02:14]} Qxc6
{[%clk 01:21:02]} {[%emt 00:01:34]} 5. d3 {[%clk 01:26:11]} {[%emt 00:03:35]}
d6 {[%clk 01:18:49]} {[%emt 00:02:43]} 6. Be3 {[%clk 01:19:57]} {[%emt
00:06:44]} g6 {[%clk 01:16:30]} {[%emt 00:02:49]} 7. Nbd2 {[%clk 01:17:13]}
{[%emt 00:03:13]} Bg7 {[%clk 01:16:24]} {[%emt 00:00:36]} 8. c3 {[%clk
01:17:31]} {[%emt 00:00:13]} Nf6 {[%clk 01:12:38]} {[%emt 00:04:15]} 9. h3
{[%clk 01:16:57]} {[%emt 00:01:04]} Bd7 {[%clk 01:11:25]} {[%emt 00:01:42]} 10.
O-O {[%clk 01:16:37]} {[%emt 00:00:51]} O-O {[%clk 01:09:10]} {[%emt 00:02:45]}
11. Rc1 {[%clk 01:08:55]} {[%emt 00:08:12]} Qa6 {[%clk 00:51:09]} {[%emt
00:18:32]} 12. Qc2 {[%clk 00:57:43]} {[%emt 00:11:41]} Bb5 {[%clk 00:43:39]}
{[%emt 00:08:00]} 13. c4 {[%clk 00:55:03]} {[%emt 00:03:10]} Bc6 {[%clk
00:41:05]} {[%emt 00:03:03]} 14. d4 {[%clk 00:50:37]} {[%emt 00:04:57]} cxd4
{[%clk 00:36:15]} {[%emt 00:05:21]} 15. Nxd4 {[%clk 00:50:08]} {[%emt
00:00:59]} Bd7 {[%clk 00:35:06]} {[%emt 00:01:38]} 16. f4 {[%clk 00:29:23]}
{[%emt 00:21:15]} Rac8 {[%clk 00:29:44]} {[%emt 00:05:52]} 17. Qb3 {[%clk
00:17:49]} {[%emt 00:12:03]} Bc6 {[%clk 00:20:14]} {[%emt 00:10:01]} 18. Nxc6
{[%clk 00:17:03]} {[%emt 00:01:17]} Rxc6 {[%clk 00:17:52]} {[%emt 00:02:52]}
19. Bd4 {[%clk 00:11:08]} {[%emt 00:06:24]} Nxe4 {[%clk 00:14:28]} {[%emt
00:03:53]} 20. Bxg7 {[%clk 00:08:59]} {[%emt 00:02:40]} Nxd2 {[%clk 00:14:39]}
{[%emt 00:00:19]} 21. Qc3 {[%clk 00:02:50]} {[%emt 00:06:39]} Rxc4 {[%clk
00:14:31]} {[%emt 00:00:38]} 22. Qxd2 {[%clk 00:01:11]} {[%emt 00:02:09]} Kxg7
{[%clk 00:13:52]} {[%emt 00:01:10]} 23. Qe2 {[%clk 00:00:50]} {[%emt 00:00:50]}
Rxc1 {[%clk 00:13:36]} {[%emt 00:00:45]} 24. Qxa6 {[%clk 00:01:15]} {[%emt
00:00:06]} bxa6 {[%clk 00:13:40]} {[%emt 00:00:26]} 25. Rxc1 {[%clk 00:01:43]}
{[%emt 00:00:02]} Rb8 {[%clk 00:12:07]} {[%emt 00:02:03]} 26. b3 {[%clk
00:01:22]} {[%emt 00:00:51]} Rb7 {[%clk 00:11:53]} {[%emt 00:00:45]} 27. Rc6
{[%clk 00:01:38]} {[%emt 00:00:14]} Kf6 {[%clk 00:10:03]} {[%emt 00:02:19]} 28.
Rxa6 {[%clk 00:01:39]} {[%emt 00:00:29]} Kf5 {[%clk 00:08:03]} {[%emt
00:02:29]} 29. Ra4 {[%clk 00:02:07]} {[%emt 00:00:03]} g5 {[%clk 00:05:03]}
{[%emt 00:03:30]} 30. g3 {[%clk 00:00:31]} {[%emt 00:02:06]} gxf4 {[%clk
00:03:06]} {[%emt 00:02:26]} 31. Rxf4+ {[%clk 00:01:00]} {[%emt 00:00:02]} Kg6
{[%clk 00:03:15]} {[%emt 00:00:20]} 32. Kf2 {[%clk 00:01:12]} {[%emt 00:00:19]}
f5 {[%clk 00:02:47]} {[%emt 00:00:58]} 33. Ra4 {[%clk 00:00:41]} {[%emt
00:01:01]} Kf6 {[%clk 00:02:11]} {[%emt 00:01:07]} 34. Ke3 {[%clk 00:01:05]}
{[%emt 00:00:06]} Ke5 {[%clk 00:01:16]} {[%emt 00:01:24]} 35. Rh4 {[%clk
00:00:42]} {[%emt 00:00:53]} e6 {[%clk 00:01:20]} {[%emt 00:00:27]} 36. Rd4
{[%clk 00:00:39]} {[%emt 00:00:32]} Rg7 {[%clk 00:01:06]} {[%emt 00:00:43]} 37.
g4 {[%clk 00:00:51]} {[%emt 00:00:19]} fxg4 {[%clk 00:01:09]} {[%emt 00:00:26]}
38. hxg4 {[%clk 00:01:18]} {[%emt 00:00:03]} d5 {[%clk 00:01:01]} {[%emt
00:00:39]} 39. Ra4 {[%clk 00:00:47]} {[%emt 00:01:01]} Rd7 {[%clk 00:00:57]}
{[%emt 00:00:33]} 40. Ra5 {[%clk 00:01:03]} {[%emt 00:00:15]} Rc7 {[%clk
00:00:53]} {[%emt 00:00:34]} 41. Kd3 {[%clk 00:00:31]} {[%emt 00:01:02]} Rd7
{[%clk 00:23:29]} {[%emt 00:07:54]} 42. Ke3 {[%clk 00:28:32]} {[%emt 00:02:30]}
Kf6 {[%emt 00:05:50]} 43. Ra6 {[%clk 00:13:47]} {[%emt 00:15:13]} d4+ {[%clk
00:17:21]} {[%emt 00:01:19]} 44. Kd3 {[%clk 00:14:11]} {[%emt 00:00:06]} Ke5
{[%clk 00:09:42]} {[%emt 00:08:08]} 45. g5 {[%clk 00:07:42]} {[%emt 00:06:59]}
Kf5 {[%clk 00:09:21]} {[%emt 00:00:51]} 46. Ra5+ {[%clk 00:05:30]} {[%emt
00:02:41]} e5 {[%clk 00:09:00]} {[%emt 00:00:53]} 47. a3 {[%clk 00:01:52]}
{[%emt 00:04:08]} Kf4 {[%clk 00:07:47]} {[%emt 00:01:42]} 0-1

[Event "ODJM B 2024"]
[Site "Willingen GER"]
[Date "2024.05.21"]
[Round "4"]
[White "Grunert, Greta"]
[Black "Alugili, Yosef"]
[Result "1-0"]
[Termination "normal"]
[Board "35"]
[WhiteElo "1590"]
[BlackElo "1744"]
[WhiteClock "00:02:01"]
[BlackClock "00:34:56"]
[PlyCount "51"]
[WhiteFideId "16258649"]
[BlackFideId "34635963"]
[EventCountry "GER"]
[EventRounds "9"]
[EventType "swiss"]
[EventDate "2024.05.18"]

1. e4 {[%clk 01:30:58]} {[%emt 00:00:02]} c5 {[%clk 01:30:57]} {[%emt
00:00:03]} 2. Nc3 {[%clk 01:31:19]} {[%emt 00:00:09]} d6 {[%clk 01:31:25]}
{[%emt 00:00:03]} 3. f4 {[%clk 01:31:32]} {[%emt 00:00:16]} Nc6 {[%clk
01:31:52]} {[%emt 00:00:04]} 4. Nf3 {[%clk 01:29:59]} {[%emt 00:02:02]} g6
{[%clk 01:32:13]} {[%emt 00:00:09]} 5. Bc4 {[%clk 01:29:39]} {[%emt 00:00:51]}
Bg7 {[%clk 01:32:38]} {[%emt 00:00:05]} 6. d3 {[%clk 01:25:51]} {[%emt
00:04:18]} Nf6 {[%clk 01:32:26]} {[%emt 00:00:41]} 7. O-O {[%clk 01:25:05]}
{[%emt 00:01:15]} O-O {[%clk 01:32:49]} {[%emt 00:00:07]} 8. Qe1 {[%clk
01:22:44]} {[%emt 00:02:52]} a6 {[%clk 01:33:15]} {[%emt 00:00:05]} 9. a4
{[%clk 01:21:32]} {[%emt 00:01:42]} Rb8 {[%clk 01:33:28]} {[%emt 00:00:16]} 10.
Qh4 {[%clk 01:10:55]} {[%emt 00:11:07]} e6 {[%clk 01:30:43]} {[%emt 00:03:15]}
11. e5 {[%clk 00:48:10]} {[%emt 00:23:15]} dxe5 {[%clk 01:30:58]} {[%emt
00:00:15]} 12. fxe5 {[%clk 00:48:19]} {[%emt 00:00:21]} Nd7 {[%clk 01:30:43]}
{[%emt 00:00:46]} 13. Bg5 {[%clk 00:45:34]} {[%emt 00:03:14]} Qc7 {[%clk
01:20:31]} {[%emt 00:10:42]} 14. Bh6 {[%clk 00:43:06]} {[%emt 00:02:58]} Ne7
{[%clk 00:51:30]} {[%emt 00:29:31]} 15. Bxg7 {[%clk 00:28:41]} {[%emt
00:14:55]} Nf5 {[%clk 00:51:23]} {[%emt 00:00:37]} 16. Qh3 {[%clk 00:27:54]}
{[%emt 00:01:16]} Kxg7 {[%clk 00:51:30]} {[%emt 00:00:24]} 17. g4 {[%clk
00:15:47]} {[%emt 00:12:37]} Nd4 {[%clk 00:48:04]} {[%emt 00:03:56]} 18. Rae1
{[%clk 00:05:42]} {[%emt 00:10:35]} Nxc2 {[%clk 00:43:24]} {[%emt 00:05:10]}
19. Ng5 {[%clk 00:05:08]} {[%emt 00:01:04]} h6 {[%clk 00:43:44]} {[%emt
00:00:10]} 20. Rxf7+ {[%clk 00:04:07]} {[%emt 00:01:31]} Kg8 {[%clk 00:36:29]}
{[%emt 00:07:45]} 21. Nxe6 {[%clk 00:01:42]} {[%emt 00:02:55]} Rxf7 {[%clk
00:34:45]} {[%emt 00:02:15]} 22. Nxc7 {[%clk 00:02:00]} {[%emt 00:00:11]} Nxe1
{[%clk 00:35:06]} {[%emt 00:00:10]} 23. Bxf7+ {[%clk 00:01:39]} {[%emt
00:00:50]} Kxf7 {[%clk 00:35:34]} {[%emt 00:00:02]} 24. e6+ {[%clk 00:01:56]}
{[%emt 00:00:13]} Ke7 {[%clk 00:34:30]} {[%emt 00:01:34]} 25. Qh4+ {[%clk
00:01:38]} {[%emt 00:00:48]} g5 {[%clk 00:34:56]} {[%emt 00:00:04]} 26. Qxe1
{[%clk 00:02:01]} {[%emt 00:00:07]} 1-0

[Event "ODJM B 2024"]
[Site "Willingen GER"]
[Date "2024.05.21"]
[Round "4"]
[White "Jähnert, Jamie Mares"]
[Black "Tulchynsky, Mark"]
[Result "0-1"]
[Termination "normal"]
[Board "36"]
[WhiteElo "1503"]
[BlackElo "1828"]
[WhiteClock "00:23:45"]
[BlackClock "00:07:05"]
[PlyCount "116"]
[WhiteFideId "34609156"]
[BlackFideId "34617698"]
[EventCountry "GER"]
[EventRounds "9"]
[EventType "swiss"]
[EventDate "2024.05.18"]

1. e4 {[%clk 01:30:58]} {[%emt 00:00:01]} c6 {[%clk 01:30:55]} {[%emt
00:00:06]} 2. d4 {[%clk 01:31:22]} {[%emt 00:00:06]} d5 {[%clk 01:31:21]}
{[%emt 00:00:04]} 3. e5 {[%clk 01:31:25]} {[%emt 00:00:27]} Bf5 {[%clk
01:31:42]} {[%emt 00:00:08]} 4. h4 {[%clk 01:31:25]} {[%emt 00:00:30]} h5
{[%clk 01:32:08]} {[%emt 00:00:04]} 5. Bd3 {[%clk 01:31:37]} {[%emt 00:00:18]}
Bxd3 {[%clk 01:32:31]} {[%emt 00:00:08]} 6. Qxd3 {[%clk 01:32:05]} {[%emt
00:00:01]} e6 {[%clk 01:32:52]} {[%emt 00:00:09]} 7. Nf3 {[%clk 01:32:04]}
{[%emt 00:00:31]} Nd7 {[%clk 01:28:02]} {[%emt 00:05:20]} 8. Bg5 {[%clk
01:28:29]} {[%emt 00:04:05]} Qb6 {[%clk 01:28:15]} {[%emt 00:00:17]} 9. Qb3
{[%clk 01:27:23]} {[%emt 00:01:36]} Qxb3 {[%clk 01:28:01]} {[%emt 00:00:44]}
10. axb3 {[%clk 01:27:52]} {[%emt 00:00:01]} c5 {[%clk 01:28:07]} {[%emt
00:00:24]} 11. Be3 {[%clk 01:24:28]} {[%emt 00:03:54]} Nh6 {[%clk 01:19:17]}
{[%emt 00:09:20]} 12. Ke2 {[%clk 01:14:06]} {[%emt 00:10:52]} Nf5 {[%clk
01:18:38]} {[%emt 00:01:09]} 13. Rd1 {[%clk 01:07:54]} {[%emt 00:06:42]} Nxe3
{[%clk 01:15:49]} {[%emt 00:03:20]} 14. fxe3 {[%clk 01:08:17]} {[%emt
00:00:06]} a6 {[%clk 01:07:06]} {[%emt 00:09:13]} 15. Nbd2 {[%clk 01:04:10]}
{[%emt 00:04:37]} Rc8 {[%clk 01:06:16]} {[%emt 00:01:20]} 16. c3 {[%clk
00:53:27]} {[%emt 00:02:16]} Be7 17. Nf1 {[%emt 00:17:08]} Rc6 {[%emt
00:04:32]} 18. c4 {[%clk 00:47:29]} {[%emt 00:02:16]} dxc4 {[%clk 00:55:04]}
{[%emt 00:04:42]} 19. bxc4 {[%clk 00:47:00]} {[%emt 00:00:58]} cxd4 {[%clk
00:55:22]} {[%emt 00:00:12]} 20. exd4 {[%clk 00:46:30]} {[%emt 00:01:00]} Rxc4
{[%clk 00:54:51]} {[%emt 00:01:02]} 21. Rac1 {[%clk 00:46:43]} {[%emt
00:00:17]} Rb4 {[%clk 00:52:56]} {[%emt 00:02:19]} 22. Rc2 {[%clk 00:45:30]}
{[%emt 00:01:48]} O-O {[%clk 00:51:55]} {[%emt 00:01:31]} 23. g3 {[%clk
00:43:31]} {[%emt 00:02:29]} Nb6 {[%clk 00:49:34]} {[%emt 00:02:51]} 24. Ne3
{[%clk 00:40:18]} {[%emt 00:03:43]} Rc8 {[%clk 00:46:18]} {[%emt 00:03:46]} 25.
Rdc1 {[%clk 00:38:46]} {[%emt 00:02:02]} Rxc2+ {[%clk 00:36:23]} {[%emt
00:10:25]} 26. Rxc2 {[%clk 00:38:33]} {[%emt 00:00:43]} a5 {[%clk 00:28:08]}
{[%emt 00:08:46]} 27. Nd1 {[%clk 00:36:52]} {[%emt 00:02:10]} Nd5 {[%clk
00:25:27]} {[%emt 00:03:11]} 28. Ne3 {[%clk 00:26:54]} {[%emt 00:10:28]} Nxe3
{[%clk 00:21:27]} {[%emt 00:04:31]} 29. Kxe3 {[%clk 00:27:16]} {[%emt
00:00:07]} Rb3+ {[%clk 00:21:19]} {[%emt 00:00:37]} 30. Kf4 {[%clk 00:26:20]}
{[%emt 00:01:26]} g6 {[%clk 00:19:12]} {[%emt 00:02:38]} 31. Ne1 {[%clk
00:20:58]} {[%emt 00:05:52]} Bf8 {[%clk 00:18:21]} {[%emt 00:01:21]} 32. g4
{[%clk 00:17:45]} {[%emt 00:03:43]} hxg4 {[%clk 00:13:01]} {[%emt 00:05:50]}
33. Kxg4 {[%clk 00:18:03]} {[%emt 00:00:12]} Re3 {[%clk 00:12:23]} {[%emt
00:01:06]} 34. Nf3 {[%clk 00:16:01]} {[%emt 00:02:34]} b5 {[%clk 00:12:03]}
{[%emt 00:00:50]} 35. Kf4 {[%clk 00:14:35]} {[%emt 00:01:56]} Bh6+ {[%clk
00:12:05]} {[%emt 00:00:28]} 36. Ng5 {[%clk 00:14:33]} {[%emt 00:00:32]} Bxg5+
{[%clk 00:12:14]} {[%emt 00:00:21]} 37. hxg5 {[%clk 00:10:02]} {[%emt
00:05:01]} Rb3 {[%clk 00:12:02]} {[%emt 00:00:42]} 38. Ke4 {[%clk 00:10:08]}
{[%emt 00:00:25]} a4 {[%clk 00:11:36]} {[%emt 00:00:55]} 39. Rd2 {[%clk
00:09:20]} {[%emt 00:01:17]} Kf8 {[%clk 00:11:38]} {[%emt 00:00:29]} 40. d5
{[%clk 00:08:56]} {[%emt 00:00:54]} Rb4+ {[%clk 00:11:32]} {[%emt 00:00:36]}
41. Kd3 {[%clk 00:06:00]} {[%emt 00:03:26]} exd5 {[%clk 00:10:44]} {[%emt
00:01:18]} 42. Kc2 {[%clk 00:06:20]} {[%emt 00:00:10]} d4 {[%clk 00:09:31]}
{[%emt 00:01:43]} 43. Kd3 {[%clk 00:04:51]} {[%emt 00:01:59]} Ke7 {[%clk
00:09:13]} {[%emt 00:00:48]} 44. Ke4 {[%clk 00:04:59]} {[%emt 00:00:21]} Ke6
{[%clk 00:08:55]} {[%emt 00:00:48]} 45. Rf2 {[%clk 00:04:30]} {[%emt 00:01:00]}
Rc4 {[%clk 00:14:18]} {[%emt 00:25:07]} 46. Rf6+ {[%clk 00:33:16]} {[%emt
00:01:43]} Ke7 {[%clk 00:14:24]} {[%emt 00:00:24]} 47. Rb6 {[%clk 00:33:01]}
{[%emt 00:00:46]} Rb4 {[%clk 00:12:14]} {[%emt 00:02:40]} 48. Rb7+ {[%clk
00:31:01]} {[%emt 00:02:30]} Kf8 {[%clk 00:12:03]} {[%emt 00:00:41]} 49. Rb8+
{[%clk 00:31:02]} {[%emt 00:00:29]} Kg7 {[%clk 00:11:56]} {[%emt 00:00:36]} 50.
Rb7 {[%clk 00:30:43]} {[%emt 00:00:50]} Rxb2 {[%clk 00:11:38]} {[%emt
00:00:48]} 51. Kxd4 {[%clk 00:29:27]} {[%emt 00:01:45]} a3 {[%clk 00:08:58]}
{[%emt 00:03:11]} 52. e6 {[%clk 00:27:54]} {[%emt 00:02:03]} Kf8 {[%clk
00:06:09]} {[%emt 00:03:20]} 53. Rxf7+ {[%clk 00:26:45]} {[%emt 00:01:38]} Ke8
{[%clk 00:06:29]} {[%emt 00:00:10]} 54. Ra7 {[%clk 00:26:48]} {[%emt 00:00:26]}
Rb4+ {[%clk 00:06:47]} {[%emt 00:00:13]} 55. Ke5 {[%clk 00:26:14]} {[%emt
00:01:04]} Ra4 {[%clk 00:07:01]} {[%emt 00:00:16]} 56. Rg7 {[%clk 00:23:42]}
{[%emt 00:03:02]} a2 {[%clk 00:06:28]} {[%emt 00:01:03]} 57. Rg8+ {[%clk
00:23:39]} {[%emt 00:00:33]} Ke7 {[%clk 00:06:54]} {[%emt 00:00:04]} 58. Rg7+
{[%clk 00:23:45]} {[%emt 00:00:24]} Kf8 {[%clk 00:07:05]} {[%emt 00:00:18]} 0-1

[Event "ODJM B 2024"]
[Site "Willingen GER"]
[Date "2024.05.21"]
[Round "4"]
[White "Uhlmann, Jonas"]
[Black "Böttcher, Tim"]
[Result "1-0"]
[Termination "normal"]
[Board "37"]
[WhiteElo "1842"]
[BlackElo "1699"]
[WhiteClock "01:10:12"]
[BlackClock "01:06:04"]
[PlyCount "25"]
[WhiteFideId "16258576"]
[BlackFideId "16278550"]
[EventCountry "GER"]
[EventRounds "9"]
[EventType "swiss"]
[EventDate "2024.05.18"]

1. e4 {[%clk 01:30:57]} {[%emt 00:00:02]} d5 {[%clk 01:30:56]} {[%emt
00:00:04]} 2. exd5 {[%clk 01:31:23]} {[%emt 00:00:05]} Qxd5 {[%clk 01:31:19]}
{[%emt 00:00:06]} 3. Nc3 {[%clk 01:31:48]} {[%emt 00:00:06]} Qd8 {[%clk
01:31:44]} {[%emt 00:00:05]} 4. Bc4 {[%clk 01:31:19]} {[%emt 00:00:59]} e6
{[%clk 01:30:49]} {[%emt 00:01:24]} 5. Nf3 {[%clk 01:31:16]} {[%emt 00:00:34]}
Nf6 {[%clk 01:30:30]} {[%emt 00:00:48]} 6. O-O {[%clk 01:31:33]} {[%emt
00:00:13]} Bd6 {[%clk 01:28:41]} {[%emt 00:02:18]} 7. d4 {[%clk 01:28:29]}
{[%emt 00:03:35]} O-O {[%clk 01:26:37]} {[%emt 00:02:33]} 8. Bg5 {[%clk
01:25:39]} {[%emt 00:03:20]} Nbd7 {[%clk 01:26:00]} {[%emt 00:01:07]} 9. Re1
{[%clk 01:19:58]} {[%emt 00:06:12]} c6 {[%clk 01:24:04]} {[%emt 00:02:26]} 10.
Ne5 {[%clk 01:18:02]} {[%emt 00:02:27]} Be7 {[%clk 01:21:35]} {[%emt 00:02:59]}
11. Nxf7 {[%clk 01:11:09]} {[%emt 00:07:23]} Kxf7 {[%clk 01:13:15]} {[%emt
00:08:50]} 12. Rxe6 {[%clk 01:09:58]} {[%emt 00:01:42]} Nd5 {[%clk 01:06:04]}
{[%emt 00:07:41]} 13. Rxe7+ {[%clk 01:10:12]} {[%emt 00:00:16]} 1-0

[Event "ODJM B 2024"]
[Site "Willingen GER"]
[Date "2024.05.21"]
[Round "4"]
[White "Mlynarski, Milosz"]
[Black "Törpel, Cedrik"]
[Result "0-1"]
[Termination "normal"]
[Board "38"]
[WhiteElo "1663"]
[BlackElo "1779"]
[WhiteClock "00:45:06"]
[BlackClock "00:35:47"]
[PlyCount "34"]
[WhiteFideId "34636854"]
[BlackFideId "34660380"]
[EventCountry "GER"]
[EventRounds "9"]
[EventType "swiss"]
[EventDate "2024.05.18"]

1. d4 {[%clk 01:30:56]} {[%emt 00:00:03]} Nf6 {[%clk 01:30:54]} {[%emt
00:00:06]} 2. c4 {[%clk 01:31:18]} {[%emt 00:00:08]} e6 {[%clk 01:31:19]}
{[%emt 00:00:05]} 3. Nc3 {[%clk 01:31:41]} {[%emt 00:00:06]} d5 {[%clk
01:31:23]} {[%emt 00:00:26]} 4. cxd5 {[%clk 01:30:55]} {[%emt 00:01:17]} exd5
{[%clk 01:31:43]} {[%emt 00:00:10]} 5. Bg5 {[%clk 01:31:02]} {[%emt 00:00:22]}
Be7 {[%clk 01:31:27]} {[%emt 00:00:46]} 6. e3 {[%clk 01:31:18]} {[%emt
00:00:13]} c6 {[%clk 01:30:15]} {[%emt 00:01:43]} 7. Bd3 {[%clk 01:27:54]}
{[%emt 00:03:54]} Bg4 {[%clk 01:26:51]} {[%emt 00:03:55]} 8. Qc2 {[%clk
01:16:00]} {[%emt 00:12:24]} Nbd7 {[%clk 01:23:47]} {[%emt 00:03:33]} 9. Bxf6
{[%clk 01:13:40]} {[%emt 00:02:50]} Nxf6 {[%clk 01:23:07]} {[%emt 00:01:09]}
10. Nge2 {[%clk 01:13:50]} {[%emt 00:00:20]} Bd6 {[%clk 01:13:08]} {[%emt
00:10:30]} 11. O-O {[%clk 01:12:32]} {[%emt 00:01:48]} h5 {[%clk 00:47:22]}
{[%emt 00:26:16]} 12. f3 {[%clk 01:02:05]} {[%emt 00:10:58]} Be6 {[%clk
00:46:41]} {[%emt 00:01:10]} 13. e4 {[%clk 00:54:38]} {[%emt 00:07:57]} dxe4
{[%clk 00:45:27]} {[%emt 00:01:44]} 14. fxe4 {[%clk 00:52:23]} {[%emt
00:02:45]} Bxh2+ {[%clk 00:38:32]} {[%emt 00:07:25]} 15. Kxh2 {[%clk 00:46:58]}
{[%emt 00:05:55]} Ng4+ {[%clk 00:38:14]} {[%emt 00:00:48]} 16. Kg1 {[%clk
00:47:17]} {[%emt 00:00:11]} Qh4 {[%clk 00:36:34]} {[%emt 00:02:10]} 17. Rfe1
{[%clk 00:45:06]} {[%emt 00:02:41]} Qh2+ {[%clk 00:35:47]} {[%emt 00:01:17]}
0-1

[Event "ODJM B 2024"]
[Site "Willingen GER"]
[Date "2024.05.21"]
[Round "4"]
[White "Stettner, Oskar"]
[Black "Ottlik, Marie"]
[Result "1-0"]
[Termination "normal"]
[Board "39"]
[WhiteElo "1672"]
[BlackElo "1640"]
[WhiteClock "00:13:51"]
[BlackClock "00:02:36"]
[PlyCount "63"]
[WhiteFideId "34617035"]
[BlackFideId "16281730"]
[EventCountry "GER"]
[EventRounds "9"]
[EventType "swiss"]
[EventDate "2024.05.18"]

1. e4 {[%clk 01:30:57]} {[%emt 00:00:02]} c5 {[%clk 01:30:52]} {[%emt
00:00:09]} 2. d3 {[%clk 01:31:27]} d6 {[%clk 01:28:43]} {[%emt 00:02:38]} 3. f4
{[%clk 01:31:21]} {[%emt 00:00:35]} Nf6 {[%clk 01:27:59]} {[%emt 00:01:14]} 4.
Nf3 {[%clk 01:31:39]} {[%emt 00:00:13]} g6 {[%clk 01:26:37]} {[%emt 00:01:53]}
5. Be2 {[%clk 01:31:43]} {[%emt 00:00:25]} Bg7 {[%clk 01:26:27]} {[%emt
00:00:39]} 6. O-O {[%clk 01:32:05]} {[%emt 00:00:07]} Nc6 {[%clk 01:22:21]}
{[%emt 00:04:37]} 7. c3 {[%clk 01:32:30]} {[%emt 00:00:06]} O-O {[%clk
01:19:16]} {[%emt 00:03:35]} 8. Na3 {[%clk 01:32:55]} {[%emt 00:00:05]} a6
{[%clk 01:16:44]} {[%emt 00:03:01]} 9. Nc2 {[%clk 01:29:13]} {[%emt 00:04:11]}
b5 {[%clk 01:13:12]} {[%emt 00:04:03]} 10. Qe1 {[%clk 01:29:36]} {[%emt
00:00:07]} Rb8 {[%clk 01:04:20]} {[%emt 00:09:22]} 11. Bd2 {[%clk 01:24:53]}
{[%emt 00:05:13]} a5 {[%clk 00:59:22]} {[%emt 00:05:28]} 12. a3 {[%clk
01:22:43]} {[%emt 00:02:41]} Bd7 {[%clk 00:46:30]} {[%emt 00:13:22]} 13. Rb1
{[%clk 01:14:02]} {[%emt 00:09:11]} Qb6 {[%clk 00:35:24]} {[%emt 00:11:35]} 14.
b4 {[%clk 01:04:16]} {[%emt 00:10:17]} axb4 {[%clk 00:30:13]} {[%emt 00:05:41]}
15. axb4 {[%clk 00:58:21]} {[%emt 00:06:24]} Ng4 {[%clk 00:24:24]} {[%emt
00:06:19]} 16. bxc5 {[%clk 00:52:02]} {[%emt 00:06:49]} Qxc5+ {[%clk 00:15:37]}
{[%emt 00:09:16]} 17. Kh1 {[%clk 00:45:36]} {[%emt 00:06:56]} Qa7 {[%clk
00:13:15]} {[%emt 00:02:52]} 18. h3 {[%clk 00:40:11]} {[%emt 00:05:56]} Nf6
{[%clk 00:13:35]} {[%emt 00:00:11]} 19. Nfd4 {[%clk 00:34:54]} {[%emt
00:05:46]} Nxd4 {[%clk 00:12:36]} {[%emt 00:01:28]} 20. Nxd4 {[%clk 00:33:57]}
{[%emt 00:01:27]} Rfc8 {[%clk 00:11:47]} {[%emt 00:01:19]} 21. Nc2 {[%clk
00:25:02]} {[%emt 00:09:25]} Qc7 {[%clk 00:09:35]} {[%emt 00:02:42]} 22. Bf3
{[%clk 00:23:04]} {[%emt 00:02:28]} Bc6 {[%clk 00:08:21]} {[%emt 00:01:45]} 23.
Nd4 {[%clk 00:22:33]} {[%emt 00:01:01]} Bd7 {[%clk 00:08:01]} {[%emt 00:00:50]}
24. e5 {[%clk 00:15:10]} {[%emt 00:07:53]} dxe5 {[%clk 00:07:51]} {[%emt
00:00:39]} 25. fxe5 {[%clk 00:15:38]} {[%emt 00:00:02]} Ne8 {[%clk 00:07:21]}
{[%emt 00:01:00]} 26. e6 {[%clk 00:15:08]} {[%emt 00:01:01]} Bxe6 {[%clk
00:03:25]} {[%emt 00:04:26]} 27. Nxe6 {[%clk 00:15:13]} {[%emt 00:00:25]} fxe6
{[%clk 00:03:54]} {[%emt 00:00:01]} 28. Qxe6+ {[%clk 00:15:03]} {[%emt
00:00:40]} Kh8 {[%clk 00:04:06]} {[%emt 00:00:17]} 29. Bd5 {[%clk 00:14:35]}
{[%emt 00:00:59]} Nf6 {[%clk 00:03:30]} {[%emt 00:01:05]} 30. Bf4 {[%clk
00:14:44]} {[%emt 00:00:22]} Qxc3 {[%clk 00:02:36]} {[%emt 00:01:24]} 31. Bxb8
{[%clk 00:14:53]} {[%emt 00:00:21]} Rxb8 {[%emt 00:00:06]} 32. Rbc1 {[%clk
00:13:51]} {[%emt 00:01:30]} 1-0